| 000 | 01198nam a2200289Ia 4500 | ||
|---|---|---|---|
| 999 |
_c5380 _d5380 |
||
| 003 | OSt | ||
| 005 | 20200613000733.0 | ||
| 008 | 191128s2006 ck a fr 000 0dspa d | ||
| 020 | _a9588200652 | ||
| 040 |
_aCO-JMCR _cCO-JMCR |
||
| 041 | 0 | _aspa | |
| 082 | 0 | 4 |
_a330.02455 / _bP172e _223 |
| 100 | 1 |
_aPaternostro Matera, José Antonio, _eautor _95606 |
|
| 245 | 1 | 0 |
_aEconomía para no economistas / _cJosé Antonio Paternostro Matera |
| 250 | _aPrimera edición | ||
| 260 |
_aBogotá : _bUniversidad Sergio Arboleda, _c2006 |
||
| 300 |
_a392 páginas : _bilustraciones a blanco y negro ; _c23 cm. |
||
| 500 | _aIncluye biografía del autor en solapa frontal. | ||
| 504 | _aBibliografía: páginas 389-392 | ||
| 505 | 0 | _aPrincipios de economía básica -- Microeconomía -- Macroeconomía | |
| 520 | _aEconomía para no economistas lleva de manera sencilla y práctica a la comprensión rápida y clara de las bases de la teoría económica y posteriormente de la evolución del pensamiento económico universal. | ||
| 650 | 1 | 4 |
_aEconomía básica _95607 |
| 650 | 1 | 4 |
_aMicroeconomía _95608 |
| 650 | 1 | 4 |
_aMacroeconomía _95609 |
| 650 | 1 | 4 |
_aSistemas económicos _95610 |
| 942 |
_2ddc _cBK |
||